Statistics for Libya... or Liberia?

Click here to take the quiz!

General Stats

  • This quiz has been taken 215 times
    (210 since last reset)
  • The average score is 11 of 15

Answer Stats

QuestionAnswer% Correct
Has the higher population and land area.Libya
92%
Closer to South Africa.Liberia
91%
Speaks Arabic.Libya
90%
Has the higher population density.Liberia
83%
Isn't landlocked.Both
81%
Islam is the main religion.Libya
81%
Name means freedom.Liberia
78%
Earlier independence.Liberia
76%
More democratic.Liberia
75%
Has the higher ethnic diversity.Liberia
73%
Borders Niger.Libya
71%
Capital is largest city.Both
64%
Has the higher HDI.Libya
64%
Later in the day.Libya
52%
On the same longitude as Algeria.Both
6%

Score Distribution

Percentile by Number Answered

Percent of People with Each Score

Your Score History

You have not taken this quiz since the last reset